Operación J / (Record no. 127935)

MARC details
000 -CABECERA
campo de control de longitud fija 00697nam a2200217 u 4500
005 - FECHA Y HORA DE LA ÚLTIMA TRANSACCIÓN
campo de control 20240316063859.0
008 - ELEMENTOS DE LONGITUD FIJA--INFORMACIÓN GENERAL
campo de control de longitud fija 080508s2003 es r 000 0 spa d
020 ## - NÚMERO INTERNACIONAL NORMALIZADO PARA LIBROS
Número Internacional Estándar del Libro 8495333457
035 ## - NÚMERO DE CONTROL DEL SISTEMA
Número de control de sistema UPN01000155821
049 ## - COLECCIÓN
Colección I
050 #4 - SIGNATURA TOPOGRÁFICA DE LA BIBLIOTECA DEL CONGRESO
Número de clasificación PZ71
Número de documento/Ítem N4.6
100 1# - ASIENTO PRINCIPAL--NOMBRE PERSONAL
Nombre de persona Nesquens, Daniel,
Fechas asociadas al nombre 1967-
9 (RLIN) 31792
245 10 - MENCIÓN DE TÍTULO
Título Operación J /
Mención de responsabilidad, etc. Daniel Nesquens ; il. Alberto Gamón.
260 ## - PUBLICACIÓN, DISTRIBUCIÓN, ETC.
Lugar de publicación, distribución, etc. Valencia, Esp. :
Nombre del editor, distribuidor, etc. Diálogo,
Fecha de publicación, distribución, etc. 2003.
300 ## - DESCRIPCIÓN FÍSICA
Extensión [27] p. :
Otras características físicas principalmente il. col.
440 #0 - MENCIÓN DE SERIE/ASIENTO SECUNDARIO--TÍTULO
Título Diálogo infantil ;
Designación de volumen o secuencia 1.
Nombre de parte o sección de la obra Libros muy ilustrados
650 #4 - ASIENTO SECUNDARIO DE MATERIA - TERMINO TEMATICO
Término de materia o nombre geográfico como elemento de entrada Cuentos infantiles
9 (RLIN) 6744
650 #2 - ASIENTO SECUNDARIO DE MATERIA - TERMINO TEMATICO
Término de materia o nombre geográfico como elemento de entrada Cuentos de aventuras
9 (RLIN) 9134
700 1# - ASIENTO SECUNDARIO--NOMBRE DE PERSONAL
Nombre de persona Gamón Carranza , Alberto,
Fechas asociadas al nombre 1974-
Término indicativo de función/relación il.
9 (RLIN) 31793
905 ## - TIPO DE MATERIAL
Tipo de material Infantil
Holdings
Estado de retiro Estado de pérdida Fuente del sistema de clasificación o colocación Estado dañado No para préstamo Código de colección Localización permanente Ubicación/localización actual Ubicación en estantería Fecha de adquisición Clasificación Código de barras Fecha visto por última vez Número de copia Tipo de ítem Koha
    Library of Congress Classification     Infantil Bib. Gregorio Torres Quintero Bib. Gregorio Torres Quintero Sala infantil Planta baja 10/05/2023 PZ71 N4.6 258963 31/12/2020 1 Libro